[Event "ch-FRA Blitz Online Final"]
[Site "Europe-Chess INT"]
[Date "2020.05.17"]
[Round "3.2"]
[White "Mamedov, Rauf"]
[Black "Ivanchuk, Vasyl"]
[Result "1-0"]
[WhiteTitle "GM"]
[BlackTitle "GM"]
[WhiteElo "2654"]
[BlackElo "2678"]
[WhiteFideId "13401653"]
[BlackFideId "14100010"]
[EventDate "2020.05.17"]

1. e4 e5 2. Nf3 Nc6 3. Bc4 Nf6 4. d3 Bc5 5. c3 d6 6. Nbd2 a6 7. Bb3 Ba7 8. h3
O-O 9. Nf1 Re8 10. g4 Be6 11. Ng3 Bxb3 12. axb3 Nd7 13. b4 Bb6 14. Bg5 f6 15.
Bd2 Rf8 16. h4 Qe8 17. h5 Qe6 18. Nf5 a5 19. bxa5 Nxa5 20. Ra3 Nc6 21. Rxa8 Rxa8
22. b4 d5 23. O-O dxe4 24. dxe4 Nf8 25. g5 Ne7 26. gxf6 gxf6 27. N3h4 Nxf5 28.
Nxf5 Kh8 29. Bh6 Nd7 30. Bg7+ Kg8 31. Qg4 Kf7 32. Rd1 Re8 33. Kg2 Ba7 34. Nh6+
Ke7 35. Nf5+ Kd8 36. Ra1 Bb8 37. Rd1 Kc8 38. h6 c6 39. Qh5 Rg8 40. Kf3 Bc7 41.
Ne3 Nb6 42. Qf5 Re8 43. Qxh7 Qh3+ 44. Ke2 Qh5+ 45. Kd3 Rd8+ 46. Kc2 Qe2+ 47. Kc1
Rxd1+ 48. Nxd1 Nc4 49. Qg8+ Bd8 50. Qxc4 Qxc4 51. h7 Qxe4 52. h8=Q Kd7 53. Qh3+
f5 54. Bh6 Be7 55. Bd2 Ke6 56. Ne3 Bg5 57. Qh5 Bxe3 58. Qe8+ Kd5 59. Qf7+ Kd6
60. Bxe3 c5 61. Bxc5+ Kc6 62. Be3 f4 63. Qe8+ Kc7 64. Qe7+ Kc6 65. Qe6+ Kb5 66.
Bd2 Qe2 67. Qd5+ Ka4 68. Kc2 b6 69. Qd7+ 1-0

[Event "ch-FRA Blitz Online Final"]
[Site "Europe-Chess INT"]
[Date "2020.05.17"]
[Round "3.3"]
[White "Mamedov, Rauf"]
[Black "Ivanchuk, Vasyl"]
[Result "1-0"]
[WhiteTitle "GM"]
[BlackTitle "GM"]
[WhiteElo "2654"]
[BlackElo "2678"]
[WhiteFideId "13401653"]
[BlackFideId "14100010"]
[EventDate "2020.05.17"]

1. e4 c5 2. c3 Nf6 3. e5 Nd5 4. Bc4 Nb6 5. Bb3 d5 6. exd6 Qxd6 7. Nf3 Nc6 8. O-O
Be6 9. a4 Rd8 10. a5 Nc4 11. a6 b6 12. Re1 Bd5 13. Ba4 e6 14. d3 Na5 15. c4 Bxf3
16. Qxf3 Be7 17. Bf4 Qd7 18. Bd2 Rc8 19. Bc3 O-O 20. Qg4 g6 21. Nd2 Qxd3 22.
Rad1 Nd4 23. Nf3 Qxc4 24. Nxd4 cxd4 25. Rxd4 Qxa6 26. Rd7 Rc4 27. Qe2 Bc5 28. b3
b5 29. bxc4 Nxc4 30. Bb3 Qc6 31. Rdd1 a5 32. Bxc4 bxc4 33. Qe5 f6 34. Qxe6+ Qxe6
35. Rxe6 1-0

[Event "ch-FRA Blitz Online Final"]
[Site "Europe-Chess INT"]
[Date "2020.05.17"]
[Round "3.1"]
[White "Bauer, Christian"]
[Black "Jobava, Baadur"]
[Result "1-0"]
[WhiteTitle "GM"]
[BlackTitle "GM"]
[WhiteElo "2623"]
[BlackElo "2603"]
[WhiteFideId "603767"]
[BlackFideId "13601520"]
[EventDate "2020.05.17"]

1. e4 c6 2. d3 d5 3. Qe2 dxe4 4. dxe4 e5 5. Nf3 Nf6 6. Nbd2 Nbd7 7. Nc4 Qc7 8.
Bg5 b5 9. Bxf6 gxf6 10. Ne3 Nc5 11. Nd2 Be6 12. g3 Na4 13. b3 Nc3 14. Qf3 O-O-O
15. Bd3 h5 16. h4 Bc5 17. O-O Kb8 18. a4 b4 19. Ndc4 Bd4 20. Rae1 Qe7 21. Nf5
Bxf5 22. exf5 Qc5 23. Be4 Kc7 24. Kg2 Rdg8 25. Bd3 Rg4 26. Nd2 Rhg8 27. Ne4 Qd5
28. Nxf6 e4 29. Bxe4 Bxf6 30. Bxd5 Nxd5 31. Re4 R4g7 32. Rd1 Rd8 33. Rc4 Kb6 34.
a5+ Kb7 35. Rxd5 Rxd5 36. Rxb4+ Kc7 37. a6 Rd2 1-0

[Event "ch-FRA Blitz Online Final"]
[Site "Europe-Chess INT"]
[Date "2020.05.17"]
[Round "3.2"]
[White "Jobava, Baadur"]
[Black "Bauer, Christian"]
[Result "0-1"]
[WhiteTitle "GM"]
[BlackTitle "GM"]
[WhiteElo "2603"]
[BlackElo "2623"]
[WhiteFideId "13601520"]
[BlackFideId "603767"]
[EventDate "2020.05.17"]

1. d4 Nf6 2. c4 Nc6 3. Nc3 e5 4. d5 Ne7 5. e4 Ng6 6. g3 Bb4 7. Qc2 Bxc3+ 8. bxc3
d6 9. h4 h6 10. f3 b6 11. Be3 Nd7 12. Nh3 Nc5 13. Nf2 Bd7 14. Nd3 Ne7 15. Nxc5
bxc5 16. Bd3 Nc8 17. O-O Nb6 18. Rf2 O-O 19. f4 exf4 20. gxf4 Qxh4 21. Qd2 Rae8
22. Rh2 Qg3+ 23. Rg2 Qh4 24. f5 Nxc4 25. Bxc4 Rxe4 26. Bxh6 Rxc4 27. Bxg7 Rg4
28. Bxf8 Kxf8 29. Rf1 Bb5 30. Rf3 Bc4 31. f6 Ke8 32. Qe3+ Kd7 33. Qe7+ Kc8 34.
Qe8+ Kb7 35. Rf2 a6 36. Rb2+ Bb5 37. Rxb5+ axb5 38. Qxb5+ Ka7 39. Qa5+ Kb7 40.
Qb5+ Ka7 41. Qd7 Qe1+ 0-1

[Event "ch-FRA Blitz Online Final"]
[Site "Europe-Chess INT"]
[Date "2020.05.17"]
[Round "4.1"]
[White "Mamedov, Rauf"]
[Black "Bauer, Christian"]
[Result "1-0"]
[WhiteTitle "GM"]
[BlackTitle "GM"]
[WhiteElo "2654"]
[BlackElo "2623"]
[WhiteFideId "13401653"]
[BlackFideId "603767"]
[EventDate "2020.05.17"]

1. e4 Nc6 2. Nf3 d6 3. d4 Nf6 4. Nc3 g6 5. Bc4 Bg7 6. h3 O-O 7. Bb3 Na5 8. O-O
Nxb3 9. axb3 b6 10. e5 Nd7 11. Qe2 Bb7 12. Rd1 Bxf3 13. Qxf3 dxe5 14. dxe5 Nxe5
15. Qe4 Qc8 16. Bf4 Qf5 17. Qxf5 gxf5 18. Nd5 Ng6 19. Bxc7 Bxb2 20. Ra2 Bg7 21.
c4 e6 22. Nb4 Rfc8 23. Na6 e5 24. Rad2 Nf4 25. Bd6 Ne6 26. Rd5 f6 27. Be7 Nd4
28. Rd7 Nxb3 29. Nc7 Rab8 30. Nd5 Rc6 31. Bd6 Re8 32. Ne7+ Rxe7 33. Bxe7 Rxc4
34. Rxa7 Nd4 35. Rb7 Rc6 36. Ra1 Rc8 37. Rxb6 f4 38. Bxf6 Bxf6 39. Rxf6 Kg7 40.
Rd6 Rc7 41. Rd5 Re7 42. Raa5 Kf6 43. Rd6+ Kf5 44. Rxd4 1-0

[Event "ch-FRA Blitz Online Final"]
[Site "Europe-Chess INT"]
[Date "2020.05.17"]
[Round "4.2"]
[White "Bauer, Christian"]
[Black "Mamedov, Rauf"]
[Result "1-0"]
[WhiteTitle "GM"]
[BlackTitle "GM"]
[WhiteElo "2623"]
[BlackElo "2654"]
[WhiteFideId "603767"]
[BlackFideId "13401653"]
[EventDate "2020.05.17"]

1. e4 c5 2. Na3 Nc6 3. Bb5 g6 4. Nf3 Bg7 5. O-O Nf6 6. Re1 O-O 7. c3 d5 8. e5
Ne8 9. h3 Nc7 10. Bxc6 bxc6 11. Qa4 Bd7 12. d3 Ne6 13. Qh4 f6 14. Nc2 g5 15. Qg3
h6 16. h4 Qe8 17. exf6 exf6 18. Qd6 Qf7 19. Ne3 Nf4 20. Rd1 Rfe8 21. Qxc5 Qh5
22. Qd6 Bg4 23. Nxg4 Ne2+ 24. Kh2 Qxg4 25. Qxc6 Rad8 26. Qc7 Rd7 27. Qc6 gxh4
28. Ng1 Ng3 29. Be3 Rdd8 30. Re1 Bf8 31. Bc5 Rxe1 32. Rxe1 Bxc5 33. Qxc5 Nh5 34.
Nh3 Kh8 35. Qe3 Qg7 36. Qf3 Qg6 37. Re7 d4 38. c4 f5 39. Nf4 Qd6 40. Qxh5 Qxf4+
41. Kh3 Rg8 42. Qxh4 Qxh4+ 43. Kxh4 Rxg2 44. Rxa7 Rxf2 45. Rb7 Rd2 46. c5 Rc2
47. b4 Rc3 48. a4 f4 49. Kg4 f3 50. Kxf3 Rxd3+ 51. Ke4 1-0

[Event "ch-FRA Blitz Online Final"]
[Site "Europe-Chess INT"]
[Date "2020.05.17"]
[Round "4.3"]
[White "Mamedov, Rauf"]
[Black "Bauer, Christian"]
[Result "1-0"]
[WhiteTitle "GM"]
[BlackTitle "GM"]
[WhiteElo "2654"]
[BlackElo "2623"]
[WhiteFideId "13401653"]
[BlackFideId "603767"]
[EventDate "2020.05.17"]

1. e4 Nc6 2. Nf3 d6 3. d4 Nf6 4. Nc3 g6 5. h3 Bg7 6. Bc4 O-O 7. O-O a6 8. a3 e6
9. Re1 b6 10. Ba2 Bb7 11. d5 exd5 12. Nxd5 Nxd5 13. Bxd5 Qc8 14. c3 Nd8 15. Be3
Ne6 16. Qd2 Re8 17. Bh6 Bh8 18. Rad1 b5 19. Ba2 Bc6 20. Nh2 Qb7 21. f3 a5 22.
Ng4 b4 23. Bxe6 Rxe6 24. Be3 Ba4 25. Rc1 c5 26. Nh6+ Kf8 27. Bf4 Be5 28. Bxe5
dxe5 29. Ng4 h5 30. Ne3 Kg7 31. Nd5 Rd8 32. Qe3 Bc6 33. c4 b3 34. Qxc5 a4 35.
Qe3 Rc8 36. Nb4 Re7 37. Rcd1 Be8 38. c5 Qb5 39. Rd5 f6 40. Red1 Bf7 41. c6 Bxd5
42. exd5 Rf7 43. Kh2 Qc4 44. Rc1 Qf4+ 45. Qxf4 exf4 46. d6 g5 47. d7 Rd8 48. Rd1 1-0

[Event "ch-FRA Blitz Online Final"]
[Site "Europe-Chess INT"]
[Date "2020.05.17"]
[Round "4.4"]
[White "Bauer, Christian"]
[Black "Mamedov, Rauf"]
[Result "0-1"]
[WhiteTitle "GM"]
[BlackTitle "GM"]
[WhiteElo "2623"]
[BlackElo "2654"]
[WhiteFideId "603767"]
[BlackFideId "13401653"]
[EventDate "2020.05.17"]

1. e4 c5 2. Nf3 Nc6 3. Bb5 g6 4. O-O Bg7 5. Re1 e5 6. Nc3 Nge7 7. Bc4 O-O 8. a3
d6 9. d3 h6 10. Rb1 Nd4 11. Nxd4 cxd4 12. Nd5 Be6 13. c3 dxc3 14. bxc3 b6 15.
Qb3 Nc6 16. Qc2 Rc8 17. Ba6 Rb8 18. a4 Bxd5 19. exd5 Ne7 20. Bc4 Qd7 21. Ba3
Rfd8 22. Rb5 a6 23. Rb2 Qb7 24. Qb3 b5 25. axb5 axb5 26. Bxb5 Nxd5 27. Reb1 Nf4
28. f3 Qa7+ 29. Kh1 Nxd3 30. Bxd3 Rxb3 31. Rxb3 d5 32. Bb4 Bf8 33. Ra3 Qe3 34.
Bxf8 Qxd3 0-1